El Modelo de acumulación pone en crisis a la herencia pública

Guardado en:
Bibliografiske detaljer
Format: Texto
Fag:
Tags: Tilføj Tag
Ingen Tags, Vær først til at tagge denne postø!

MARC

LEADER 00000 a a2200000 04500
001 5221
003
040
245 |a El Modelo de acumulación pone en crisis a la herencia pública  
650 |a HACIENDA PUBLICA  
650 |a POLITICA FISCAL  
650 |a EL SALVADOR  
773 |g volumen 61, número 695; páginas 785-798  
999 |c 36269  |d 36269 
773 0 |0 18723  |9 2697  |a Universidad Centroamericana José Simeón Cañas (UCA)  |d San Salvador, El Salvador Universidad Centroamericana José Simeón  |o 02166  |t ECA: